| 000 | 00467nam a2200157 i 4500 | ||
|---|---|---|---|
| 001 | 39467 | ||
| 003 | ES-MaACL | ||
| 005 | 20230906160006.0 | ||
| 007 | t| | ||
| 008 | 030303s1961 cu ||||1| spa d | ||
| 100 | 1 |
_aCancio, Rita María ( _d1925-) _934435 |
|
| 245 | 1 | 4 |
_aLas órdenes terceras seculares Palestras de Santidad... / _cRita María Cancio. |
| 260 |
_aLa Habana : _bPaulinas, _c1961. |
||
| 300 |
_a256 p. ; _c23 cm. |
||
| 852 |
_aES-MaACL _jC-20769 _bR.48938 |
||
| 999 |
_c39467 _d39467 |
||